00573nam a2200145 i 450000100060000000300090000600500170001500700030003200800410003510000320007624501820010826000420029030000200033285200750035246364ES-MaACL20230906161352.0t|961125m17931797it ||||1| ita d1 aConca y Alvárez, Antonio.10aDescrizione odeporica della Spagna b: in cui spezialmente si da notizia delle cose spettanti alle belle orli degne dell'attenzione del curioso viaggiatore / cdi Antonio Conca. aParma : bStamperia Reale, c1793-97. a4 v. ; c22 cm. aES-MaACLjR-261-4 z. - Enc. pasta con hier. dor x Olim : B-232-5